| 000 -ლიდერი |
| ფიქსირებული სიგრძის საკონტროლო ველი |
01175nam a2200289Ia 4500 |
| 001 - საკონტროლო ნომერი |
| საკონტროლო ველი |
1589 |
| 003 - საკონტროლო ნომრის იდენტიფიკატორი |
| საკონტროლო ველი |
GE_BSU |
| 005 - ბოლო ოპერაციის თარიღი და დრო |
| საკონტროლო ველი |
20260421101717.0 |
| 008 - ფიქსირებული სიგრძის მონაცემთა ელემენტები - ზოგადი ინფორმაცია |
| ფიქსირებული სიგრძის საკონტროლო ველი |
181216s2000||||ge |||||||||||||| ||geo|| |
| 020 ## - წიგნის საერთაშორისო სტანდარტული ნომერი |
| International Standard Book Number |
999287841x |
| 040 ## - კატალოგიზაციის წყარო |
| Transcribing agency |
GE_BSU |
| 041 ## - ენის კოდი |
| Language code of text/sound track or separate title |
geo |
| 080 ## - უნივერსალური ათობითი კლასიფიკაციის ინდექსი |
| Universal Decimal Classification number |
62(075.8)+519 ზ-44 |
| 100 ## - მთავარი ჩანაწერი - პიროვნების სახელი |
| Personal name |
ზედგინიძე, ი. |
| 9 (RLIN) |
6240 |
| 245 ## - ცნობა სათაურის შესახებ |
| Title |
საინჟინრო ექსპერიმენტის ორგანიზაცია და დაგეგმვა |
| Statement of responsibility, etc |
ი. ზედგინიძე; სტუ. |
| 264 ## - წარმოების, გამოცემის, დისტრიბუციის და სხვა ცნობები |
| გამოცემის, წარმოების, დისტრიბუციის... ადგილი |
თბ. : |
| გამოცემის, წარმოების, დისტრიბუციის... სახელწოდება |
ტექნ. უნ-ტი, |
| გამოცემის, წარმოების, დისტრიბუციის... თარიღი |
2000. |
| 300 ## - ფიზიკური აღწერა |
| Extent |
240 გვ.; |
| Other physical details |
19 სმ. |
| 490 ## - სერიის ცნობა |
| Series statement |
XXI საუკუნის სახელმძღვ |
| 500 ## - ზოგადი შენიშვნა |
| General note |
პარალ. თავფ. ინგლ. ენ. |
| 504 ## - BIBLIOGRAPHY, ETC. NOTE |
| Bibliography, etc |
ბიბლიოგრ.: გვ. 232. |
| 653 ## - INDEX TERM--UNCONTROLLED |
| Uncontrolled term |
საინჟინრო ექსპერიმენტი |
| 653 ## - INDEX TERM--UNCONTROLLED |
| Uncontrolled term |
დისპერსული ანალიზი |
| 653 ## - INDEX TERM--UNCONTROLLED |
| Uncontrolled term |
კორელაციური ანალიზი |
| 653 ## - INDEX TERM--UNCONTROLLED |
| Uncontrolled term |
რეგრესიული ანალიზი |
| 942 ## - ADDED ENTRY ELEMENTS (KOHA) |
| Koha item type |
წიგნი |
| Source of classification or shelving scheme |
|